[Event "80. C.to Provinciale VR"]
[Site "Zevio Verona ITA"]
[Date "2020.01.25"]
[Round "3.1"]
[White "Bertani, Gianfranco"]
[Black "Luciani, Valerio"]
[Result "1/2-1/2"]
[WhiteElo "1939"]
[BlackElo "2121"]
[Annotator "Gabriele Ballarin"]
[PlyCount "102"]
[EventDate "2020.01.24"]
[EventType "swiss"]
[EventRounds "5"]
[EventCountry "ITA"]

1. d4 f5 2. Bf4 Nf6 3. e3 d6 4. Nf3 g6 5. Bc4 e6 6. h3 Bg7 7. Nbd2 Nc6 8. O-O O-O 9. c3 h6 10. b4 Qe8 11. a4 Kh8 12. Bh2 g5 13. b5 Ne7 14. Bd3 g4 15. hxg4 Nxg4 16. e4 Qh5 17. exf5 Nxf5 18. Bxf5 Rxf5 19. Bg3 Bd7 20. Nh4 Rf7 21. Qc2 Kg8 22. Rae1 Bf6 23. Qg6+ Qxg6 24. Nxg6 Kg7 25. Nh4 h5 26. Ne4 Be7 27. Nf3 Nh6 28. Neg5 Rf6 29. Ne4 Rf5 30. Re2 Rg8 31. c4 Kf7 32. c5 Rxf3 33. gxf3 h4 34. cxd6 cxd6 35. Rc1 d5 36. Rc7 dxe4 37. Rxd7 hxg3 38. fxe4 gxf2+ 39. Kxf2 Rb8 40. Rc2 Ng4+ 41. Kf3 Nf6 42. Rdc7 Ke8 43. Rc8+ Rxc8 44. Rxc8+ Kd7 45. Rh8 Ne8 46. Ke3 a6 47. bxa6 bxa6 48. Kd3 a5 49. Rh7 Nf6 50. Rh6 Ne8 51. Rh7 Nf6 1/2-1/2

[Event "80. C.to Provinciale VR"]
[Site "Zevio Verona ITA"]
[Date "2020.01.25"]
[Round "3.2"]
[White "Zanchetta, Nicola"]
[Black "Oppici, Gabriele"]
[Result "1-0"]
[WhiteElo "2110"]
[BlackElo "1946"]
[Annotator "Gabriele Ballarin"]
[PlyCount "71"]
[EventDate "2020.01.24"]
[EventType "swiss"]
[EventRounds "5"]
[EventCountry "ITA"]

1. e4 d6 2. Bc4 Nf6 3. d3 e5 4. Ne2 c6 5. O-O b5 6. Bb3 a5 7. c3 a4 8. Bc2 Be7 9. h3 O-O 10. f4 Qc7 11. Ng3 Re8 12. Qf3 Bf8 13. fxe5 dxe5 14. Bg5 Nbd7 15. Nf5 Re6 16. Nd2 c5 17. Rac1 Bb7 18. c4 bxc4 19. Nxc4 Bc6 20. Nce3 Qb7 21. b3 a3 22. g4 Bb5 23. Rf2 Qa6 24. Nd5 Qb7 25. Rcf1 Bc6 26. Nh6+ Kh8 27. Nxf7+ Kg8 28. Nh6+ Kh8 29. Bxf6 Nxf6 30. g5 gxh6 31. Nxf6 hxg5 32. Qf5 Re7 33. Nh5 h6 34. Qg6 Bg7 35. Nxg7 Rxg7 36. Rf8+ 1-0

[Event "80. C.to Provinciale VR"]
[Site "Zevio Verona ITA"]
[Date "2020.01.25"]
[Round "3.8"]
[White "Bonavigo, Claudio"]
[Black "Di Giovanni, Giuseppe"]
[Result "1-0"]
[WhiteElo "1759"]
[BlackElo "1642"]
[Annotator "Gabriele Ballarin"]
[PlyCount "93"]
[EventDate "2020.01.24"]
[EventType "swiss"]
[EventRounds "5"]
[EventCountry "ITA"]

1. e4 c6 2. d3 g6 3. g3 d5 4. Nd2 Bg7 5. Bg2 Nf6 6. Ngf3 dxe4 7. dxe4 O-O 8. O-O Qb6 9. c3 Na6 10. Qc2 Rd8 11. h3 Nc5 12. Ne1 Be6 13. Kh2 Rd7 14. b4 Na6 15. Nef3 Rad8 16. Ng5 c5 17. Nxe6 Qxe6 18. b5 Nc7 19. a4 b6 20. Rb1 Rd3 21. Re1 Rxc3 22. Qd1 Qd7 23. Qe2 Rxc1 24. Rbxc1 Qxd2 25. Rcd1 Qb4 26. Rxd8+ Bf8 27. Qd1 c4 28. Re3 Ne6 29. Rc8 Nc5 30. Qc2 Nfd7 31. f4 e5 32. Rc3 exf4 33. gxf4 h5 34. Rxc4 Qe1 35. Qc1 Qf2 36. Rc2 Qh4 37. a5 Kh7 38. Qe3 Bh6 39. Qf2 Bxf4+ 40. Kh1 Qg5 41. Rc3 Ne5 42. axb6 axb6 43. R3xc5 bxc5 44. b6 Be3 45. Qf1 Qg3 46. Qf6 Qe1+ 47. Bf1 1-0

[Event "80. C.to Provinciale VR"]
[Site "Zevio Verona ITA"]
[Date "2020.01.26"]
[Round "4.2"]
[White "Luciani, Valerio"]
[Black "Goldoni, Claudio"]
[Result "1-0"]
[WhiteElo "2121"]
[BlackElo "1825"]
[Annotator "Gabriele Ballarin"]
[PlyCount "59"]
[EventDate "2020.01.24"]
[EventType "swiss"]
[EventRounds "5"]
[EventCountry "ITA"]

1. e4 e5 2. Bc4 Nc6 3. d3 Nf6 4. Nc3 Be7 5. Nge2 a6 6. a3 O-O 7. O-O h6 8. Ng3 Bc5 9. Be3 Bxe3 10. fxe3 d6 11. Nf5 Be6 12. Qf3 Bxc4 13. dxc4 Nh7 14. Nd5 Kh8 15. Rad1 Ng5 16. Qh5 Nh7 17. Qg4 Qg5 18. Qf3 Rac8 19. h4 Qd8 20. Qh5 g6 21. Qxh6 gxf5 22. Rxf5 f6 23. Rdf1 Rf7 24. g4 Qf8 25. Qh5 Ne7 26. Rxf6 Rxf6 27. Nxf6 Qg7 28. Nxh7 Qxh7 29. Qxh7+ Kxh7 30. Rf7+ 1-0

[Event "80. C.to Provinciale VR"]
[Site "Zevio Verona ITA"]
[Date "2020.01.26"]
[Round "4.8"]
[White "Dalla Vecchia, Paolo"]
[Black "Macalello, Angelo"]
[Result "1-0"]
[WhiteElo "1821"]
[BlackElo "1616"]
[Annotator "Gabriele Ballarin"]
[PlyCount "121"]
[EventDate "2020.01.24"]
[EventType "swiss"]
[EventRounds "5"]
[EventCountry "ITA"]

1. d4 d5 2. c4 e6 3. Nf3 Be7 4. Nc3 Nf6 5. Bg5 O-O 6. e3 h6 7. Bh4 Ne4 8. Bxe7 Qxe7 9. Qc2 Nxc3 10. Qxc3 c6 11. Bd3 b6 12. O-O Bb7 13. Rac1 Nd7 14. cxd5 exd5 15. b4 Rac8 16. Bb1 c5 17. bxc5 bxc5 18. Qd3 g6 19. dxc5 Nxc5 20. Qd4 Ba6 21. Rfd1 Bc4 22. Ne5 Ne6 23. Qg4 Qg5 24. Qxg5 Nxg5 25. Nxc4 dxc4 26. Rc3 Rfd8 27. Rxd8+ Rxd8 28. Bc2 Rc8 29. f3 f5 30. Bb3 Kg7 31. Rxc4 Rxc4 32. Bxc4 Kf8 33. Kf2 Nh7 34. Ke2 Ke7 35. Kd3 Nf6 36. Kd4 Nd7 37. Bb3 Kd6 38. h4 Nf6 39. Bf7 g5 40. h5 Nd7 41. Bg6 Ke6 42. e4 fxe4 43. fxe4 Kf6 44. g4 Ne5 45. Bf5 Nf3+ 46. Kd5 Ne5 47. Kc5 Ke7 48. Kb5 Kd6 49. Ka6 Nc6 50. Kb7 a5 51. a4 Kc5 52. Ka6 Kb4 53. Kb6 Ne5 54. Kc7 Kc5 55. Kd8 Kb4 56. Bd7 Kc5 57. Bf5 Kd6 58. Ke8 Kc5 59. Ke7 Kd4 60. Kf6 Nc4 61. Kg6 1-0

[Event "80. C.to Provinciale VR"]
[Site "Zevio Verona ITA"]
[Date "2020.01.26"]
[Round "5.5"]
[White "Bonavigo, Claudio"]
[Black "Dalla Vecchia, Paolo"]
[Result "0-1"]
[WhiteElo "1759"]
[BlackElo "1821"]
[Annotator "Gabriele Ballarin"]
[PlyCount "86"]
[EventDate "2020.01.24"]
[EventType "swiss"]
[EventRounds "5"]
[EventCountry "ITA"]

1. e4 e6 2. d3 d5 3. Nd2 c5 4. g3 Bd6 5. Ngf3 Nc6 6. Bg2 Nge7 7. O-O O-O 8. Re1 Qc7 9. Qe2 f6 10. Nf1 dxe4 11. dxe4 Nd4 12. Nxd4 cxd4 13. Nd2 Qxc2 14. Nc4 Qxe2 15. Rxe2 Bc7 16. e5 fxe5 17. Nxe5 Bxe5 18. Rxe5 Nc6 19. Re1 Bd7 20. f4 Rfe8 21. a3 Na5 22. b4 Nb3 23. Rb1 Ba4 24. Rb2 Nxc1 25. Rxc1 Rac8 26. Rxc8 Rxc8 27. Be4 b6 28. Rd2 Rd8 29. Bd3 Kf7 30. Kf2 Kf6 31. h4 h5 32. Be2 g6 33. Bd3 Rd6 34. Kf3 Bc6+ 35. Be4 e5 36. Bxc6 Rxc6 37. Ke4 exf4 38. gxf4 Re6+ 39. Kd5 Re3 40. Rxd4 Rxa3 41. Ke4 Ra4 42. Rc4 a5 43. Rc6+ Kf7 0-1

[Event "80. C.to Provinciale VE"]
[Site "Mestre Capablanca  ITA"]
[Date "2020.02.07"]
[Round "1.1"]
[White "Schiavo, Marco"]
[Black "Marson, Roy"]
[Result "0-1"]
[WhiteElo "1805"]
[BlackElo "1503"]
[Annotator "Gabriele Ballarin"]
[PlyCount "74"]
[EventDate "2020.02.07"]
[EventType "swiss"]
[EventRounds "5"]
[EventCountry "ITA"]

1. e4 e5 2. f4 exf4 3. Nf3 g5 4. Bc4 d6 5. O-O Nc6 6. d4 Bd7 7. Nc3 Bg7 8. d5 Ne5 9. Nxe5 dxe5 10. b4 Nf6 11. Qd3 O-O 12. Ba3 a6 13. Rfe1 b5 14. Bb3 c6 15. Bb2 Qb6+ 16. Kh1 Ng4 17. Nd1 cxd5 18. Bxd5 Rad8 19. h3 Qh6 20. Kg1 Qb6+ 21. Kh1 Qh6 22. Qe2 Nf6 23. Bxe5 Nxd5 24. exd5 Rfe8 25. Bxg7 Qxg7 26. Ne3 Rxe3 27. Qd2 Rde8 28. Red1 Qh6 29. Kg1 Re2 30. Qd4 f3 31. Rd2 f2+ 32. Kf1 Re1+ 33. Kxf2 Rxa1 34. Qxa1 Qh4+ 35. Kf1 Qxb4 36. c3 Qf4+ 37. Rf2 Qh2 0-1

[Event "80. C.to Provinciale VE"]
[Site "Mestre Capablanca  ITA"]
[Date "2020.02.07"]
[Round "1.2"]
[White "Grillo, Gianluca"]
[Black "Buranelli, Matteo"]
[Result "0-1"]
[WhiteElo "1339"]
[BlackElo "1733"]
[Annotator "Gabriele Ballarin"]
[PlyCount "92"]
[EventDate "2020.02.07"]
[EventType "swiss"]
[EventRounds "5"]
[EventCountry "ITA"]

1. d4 Nf6 2. Bf4 d6 3. e3 c5 4. c3 cxd4 5. cxd4 Qa5+ 6. Qd2 Qxd2+ 7. Nxd2 Nh5 8. Bg3 Nxg3 9. hxg3 Nc6 10. a3 a6 11. Bd3 h6 12. Nh3 g6 13. Nc4 Bf5 14. Bxf5 gxf5 15. Nf4 Bg7 16. Nd5 O-O 17. Nf4 e5 18. Nh5 Rad8 19. Nxg7 Kxg7 20. dxe5 dxe5 21. Rd1 Rxd1+ 22. Kxd1 Rd8+ 23. Ke2 b5 24. Nb6 e4 25. Rd1 Rxd1 26. Kxd1 Ne5 27. Nd5 Nd3 28. Kc2 a5 29. f3 Kg6 30. Nf4+ Nxf4 31. gxf4 exf3 32. gxf3 Kh5 33. Kd2 Kh4 34. Ke2 Kg3 35. e4 h5 36. Kf1 h4 37. exf5 Kxf3 38. f6 Kxf4 39. Kg2 Kf5 40. Kh3 Kxf6 41. Kxh4 Kf5 42. Kg3 Ke4 43. Kf2 Kd3 44. Kf3 Kc2 45. b4 axb4 46. axb4 Kc3 0-1

[Event "80. C.to Provinciale VE"]
[Site "Mestre Capablanca  ITA"]
[Date "2020.02.07"]
[Round "1.3"]
[White "Santamaita, Fabrizio"]
[Black "Moretto, Gian Franco"]
[Result "1/2-1/2"]
[WhiteElo "1664"]
[BlackElo "1313"]
[Annotator "Gabriele Ballarin"]
[PlyCount "88"]
[EventDate "2020.02.07"]
[EventType "swiss"]
[EventRounds "5"]
[EventCountry "ITA"]

1. d4 Nf6 2. Bf4 d6 3. e3 Bg4 4. Be2 Bxe2 5. Qxe2 g6 6. Nf3 Bg7 7. h3 O-O 8. O-O Nbd7 9. Bh2 c5 10. c3 a6 11. Nbd2 b5 12. a3 c4 13. e4 Re8 14. e5 dxe5 15. Nxe5 Nxe5 16. Bxe5 Nd5 17. Bxg7 Kxg7 18. Qe5+ f6 19. Qg3 Qd6 20. Qf3 f5 21. g3 e5 22. dxe5 Rxe5 23. Rfe1 Rae8 24. Rxe5 Rxe5 25. Rd1 Qe6 26. Kg2 h5 27. h4 Kf6 28. b3 cxb3 29. Nxb3 Ne3+ 30. fxe3 Qxb3 31. Rd6+ Re6 32. Rxe6+ Qxe6 33. Qf4 Qc4 34. Qxc4 bxc4 35. Kf2 g5 36. hxg5+ Kxg5 37. Kf3 a5 38. a4 Kf6 39. Kf4 Kg6 40. e4 fxe4 41. Kxe4 Kg5 42. Kf3 Kf5 43. Ke3 Ke5 44. Kf3 Kf5 1/2-1/2

[Event "80. C.to Provinciale VE"]
[Site "Mestre Capablanca  ITA"]
[Date "2020.02.07"]
[Round "1.4"]
[White "Marson, Eva Jane"]
[Black "De Bianchi, Asia"]
[Result "1-0"]
[WhiteElo "1308"]
[BlackElo "1527"]
[Annotator "Gabriele Ballarin"]
[PlyCount "127"]
[EventDate "2020.02.07"]
[EventType "swiss"]
[EventRounds "5"]
[EventCountry "ITA"]

1. e4 c5 2. Nf3 e6 3. d4 cxd4 4. Nxd4 a6 5. Nc3 Qc7 6. Be2 Bb4 7. Bd2 Nf6 8. Bd3 d5 9. exd5 Qe5+ 10. Nce2 Bxd2+ 11. Qxd2 Nxd5 12. O-O O-O 13. Rfe1 Nd7 14. c4 N5f6 15. Nc3 Qc7 16. Rad1 b6 17. Ne4 Ng4 18. Nf3 Bb7 19. h3 Ngf6 20. b3 Nxe4 21. Bxe4 Bxe4 22. Rxe4 Nf6 23. Rd4 e5 24. Rd6 Ne4 25. Rd7 Nxd2 26. Rxc7 Nxf3+ 27. gxf3 Rac8 28. Rdd7 g6 29. Rb7 Rb8 30. a4 a5 31. Re7 Kg7 32. Rxb8 Rxb8 33. Rxe5 Rc8 34. Rb5 Rc6 35. Kf1 f5 36. Ke2 Kf6 37. Ke3 Kg5 38. Kd4 Kf4 39. c5 bxc5+ 40. Rxc5 Rxc5 41. Kxc5 Kxf3 42. b4 axb4 43. Kxb4 Kxf2 44. a5 f4 45. a6 f3 46. a7 Kg1 47. a8=Q f2 48. Qa7 Kg2 49. Qb7+ Kg1 50. Qb6 Kg2 51. Qc6+ Kg1 52. Qc5 Kg2 53. Qg5+ Kxh3 54. Qf4 Kg2 55. Qg4+ Kh2 56. Qf3 Kg1 57. Qg3+ Kf1 58. Kc3 Ke2 59. Qd3+ Ke1 60. Qe3+ Kf1 61. Kd2 g5 62. Qg3 g4 63. Ke3 h5 64. Qxf2# 1-0

[Event "80. C.to Provinciale VE"]
[Site "Mestre Capablanca  ITA"]
[Date "2020.02.07"]
[Round "1.5"]
[White "Rizzo, Nicodemo"]
[Black "Bozzato, Davide"]
[Result "1-0"]
[WhiteElo "1512"]
[BlackElo "1049"]
[Annotator "Gabriele Ballarin"]
[PlyCount "81"]
[EventDate "2020.02.07"]
[EventType "swiss"]
[EventRounds "5"]
[EventCountry "ITA"]

1. d4 d5 2. c4 e6 3. e3 Nf6 4. Nc3 Bb4 5. Bd2 Bxc3 6. Bxc3 O-O 7. Nf3 Nc6 8. Be2 h6 9. O-O a6 10. a3 Re8 11. Rc1 Ne4 12. Qc2 f5 13. b4 Bd7 14. Bb2 Na7 15. cxd5 exd5 16. Qxc7 Qxc7 17. Rxc7 Bc6 18. Ne5 Rec8 19. Rxc8+ Rxc8 20. Rc1 Nd6 21. Bd3 Bb5 22. Rxc8+ Naxc8 23. Bxb5 Nxb5 24. Nd7 Ncd6 25. a4 Nc4 26. axb5 Nxb2 27. bxa6 bxa6 28. Nb8 Nc4 29. Nxa6 Kf7 30. Nc7 Nb6 31. b5 Ke7 32. Na6 Kd6 33. Nc5 Nd7 34. Nxd7 Kxd7 35. Kf1 Kc7 36. Ke2 Kb6 37. Kf3 g5 38. g4 Kxb5 39. gxf5 Kc6 40. Kg4 Kd6 41. f4 1-0

[Event "80. C.to Provinciale VE"]
[Site "Mestre Capablanca  ITA"]
[Date "2020.02.08"]
[Round "2.1"]
[White "Buranelli, Matteo"]
[Black "Marson, Eva Jane"]
[Result "1-0"]
[WhiteElo "1733"]
[BlackElo "1308"]
[Annotator "Gabriele Ballarin"]
[PlyCount "57"]
[EventDate "2020.02.07"]
[EventType "swiss"]
[EventRounds "5"]
[EventCountry "ITA"]

1. e4 e5 2. Bc4 Nf6 3. Nc3 Nc6 (3... Nxe4 $1 4. Nxe4 (4. Bxf7+ Kxf7) 4... d5) 4. f4 Bc5 5. Nf3 d6 6. f5 g6 7. fxg6 hxg6 8. d3 Ng4 9. Qe2 Nd4 10. Nxd4 Bxd4 11. Qf3 Rf8 12. Ne2 Bf2+ 13. Kd1 Bb6 14. Rf1 Nxh2 15. Bxf7+ Kd7 16. Be6+ Kxe6 17. Qxf8 Qxf8 18. Rxf8 Ke7 19. Rh8 Ng4 20. Bg5+ Kf7 21. Kd2 Kg7 22. Rah1 Ba5+ 23. c3 Nf6 24. Bxf6+ Kxf6 25. b4 Bb6 26. Rf1+ Kg5 27. Rff8 a5 28. Rxc8 Rxc8 29. Rxc8 1-0

[Event "80. C.to Provinciale VE"]
[Site "Mestre Capablanca  ITA"]
[Date "2020.02.08"]
[Round "2.2"]
[White "Marson, Roy"]
[Black "Rizzo, Nicodemo"]
[Result "1-0"]
[WhiteElo "1503"]
[BlackElo "1512"]
[Annotator "Gabriele Ballarin"]
[PlyCount "89"]
[EventDate "2020.02.07"]
[EventType "swiss"]
[EventRounds "5"]
[EventCountry "ITA"]

1. e4 d5 2. exd5 Qxd5 3. Nc3 Qa5 4. d4 c6 5. Nf3 Bf5 6. Bc4 Nf6 7. O-O e6 8. Re1 Be7 9. Qe2 O-O 10. Nh4 Re8 11. Bf4 Nbd7 12. Be5 Nxe5 13. dxe5 Nd5 14. Nxf5 exf5 15. Bxd5 cxd5 16. Rad1 Rad8 17. Qb5 Bb4 18. Qxa5 Bxa5 19. Re2 Bxc3 20. bxc3 Kf8 21. Kf1 Ke7 22. f4 Ke6 23. Red2 b5 24. a4 a6 25. Rb1 Rb8 26. axb5 Rxb5 27. Rxb5 axb5 28. Ke2 Rc8 29. Rd3 Rc4 30. g3 d4 31. Rxd4 Rxc3 32. Rd2 Rc6 33. Kd1 f6 34. exf6 Kxf6 35. Rd5 Rb6 36. Kc1 g6 37. Kb2 Ke6 38. Re5+ Kd6 39. Kb3 h6 40. h3 Kc6 41. Kb4 Kd6 42. Rxb5 Rxb5+ 43. Kxb5 g5 44. c4 g4 45. h4 1-0

[Event "80. C.to Provinciale VE"]
[Site "Mestre Capablanca  ITA"]
[Date "2020.02.08"]
[Round "2.3"]
[White "De Bianchi, Asia"]
[Black "Santamaita, Fabrizio"]
[Result "1/2-1/2"]
[WhiteElo "1527"]
[BlackElo "1664"]
[Annotator "Gabriele Ballarin"]
[PlyCount "82"]
[EventDate "2020.02.07"]
[EventType "swiss"]
[EventRounds "5"]
[EventCountry "ITA"]

1. Nf3 d5 2. d4 Nf6 3. c4 e6 4. Nc3 c6 5. cxd5 exd5 6. Bg5 h6 7. Bh4 Bd6 8. e3 O-O 9. Bd3 Bg4 10. O-O Nbd7 11. Rc1 Re8 12. Be2 Nf8 13. h3 Bd7 14. Bd3 Ng6 15. Bxg6 fxg6 16. Re1 g5 17. Bg3 Bxg3 18. fxg3 g4 19. hxg4 Bxg4 20. Qb3 Bxf3 21. gxf3 Rb8 22. e4 Kh8 23. e5 Nd7 24. Na4 Qg5 25. f4 Qg4 26. Kg2 Re6 27. Qf3 Qxf3+ 28. Kxf3 g6 29. Rh1 Kg7 30. g4 Rf8 31. Kg3 Ree8 32. Rcf1 Kh7 33. Rf2 Kg7 34. Rfh2 Rh8 35. f5 gxf5 36. gxf5 Nxe5 37. dxe5 Rxe5 38. f6+ Kg6 39. Nc5 Rg5+ 40. Kh4 Rh5+ 41. Kg4 Rg5+ 1/2-1/2

[Event "80. C.to Provinciale VE"]
[Site "Mestre Capablanca  ITA"]
[Date "2020.02.08"]
[Round "2.4"]
[White "Moretto, Gian Franco"]
[Black "Schiavo, Marco"]
[Result "0-1"]
[WhiteElo "1313"]
[BlackElo "1805"]
[Annotator "Gabriele Ballarin"]
[PlyCount "144"]
[EventDate "2020.02.07"]
[EventType "swiss"]
[EventRounds "5"]
[EventCountry "ITA"]

1. e4 c6 2. d4 d5 3. Nc3 dxe4 4. Nxe4 Bf5 5. Ng3 Bg6 6. Nf3 Nd7 7. Be2 e6 8. Bg5 Be7 9. Bxe7 Qxe7 10. c3 h6 11. O-O Ngf6 12. Re1 O-O 13. h3 c5 14. Ne5 Rfd8 15. Nxg6 fxg6 16. Qc2 cxd4 17. cxd4 Nf8 18. Qc5 Qd7 19. Rad1 Rdc8 20. Qe5 Rc2 21. Rb1 Rd8 22. Red1 Qa4 23. a3 Qb3 24. Qb5 Qxb5 25. Bxb5 Rd6 26. Bd3 Rc7 27. Ne2 Nd5 28. Rbc1 Rdc6 29. Rxc6 Rxc6 30. Rc1 Rxc1+ 31. Nxc1 Kf7 32. Be4 b6 33. Bxd5 exd5 34. Kf1 Ne6 35. Ne2 Kf6 36. b4 Kf5 37. f3 h5 38. Kf2 h4 39. Ke3 g5 40. b5 Kf6 41. a4 Kf5 42. Nc3 Nf4 43. Kf2 Ke6 44. Ne2 Nd3+ 45. Ke3 Nb2 46. Nc3 Nc4+ 47. Kd3 Nd6 48. Ne2 Kf5 49. Ke3 Nc4+ 50. Kf2 Nb2 51. Nc3 Nd3+ 52. Ke2 Nf4+ 53. Kf2 Kf6 54. Ne2 Ne6 55. Ke3 Ke7 56. Kd3 Kf6 57. Ke3 Kf5 58. g4+ hxg3 59. Nxg3+ Kg6 60. Ne2 Kf6 61. f4 gxf4+ 62. Nxf4 Nxf4 63. Kxf4 g5+ 64. Kg4 Kg6 65. Kg3 Kh5 66. Kf3 Kh4 67. Kg2 g4 68. hxg4 Kxg4 69. Kf2 Kf4 70. Ke2 Ke4 71. Kd2 Kxd4 72. Kd1 Kd3 0-1

[Event "80. C.to Provinciale VE"]
[Site "Mestre Capablanca  ITA"]
[Date "2020.02.08"]
[Round "2.5"]
[White "Bozzato, Davide"]
[Black "Grillo, Gianluca"]
[Result "0-1"]
[WhiteElo "1049"]
[BlackElo "1339"]
[Annotator "Gabriele Ballarin"]
[PlyCount "108"]
[EventDate "2020.02.07"]
[EventType "swiss"]
[EventRounds "5"]
[EventCountry "ITA"]

1. e4 Nf6 2. e5 Nd5 3. c4 Nb6 4. Nc3 c6 5. c5 Nd5 6. Nxd5 cxd5 7. d4 Nc6 8. Nf3 b6 9. Be2 bxc5 10. dxc5 Qa5+ 11. Qd2 Qxc5 12. Qc3 e6 13. Qxc5 Bxc5 14. O-O O-O 15. Rd1 a5 16. Be3 Bxe3 17. fxe3 Ba6 18. Bxa6 Rxa6 19. a3 Rb6 20. Rab1 Rfb8 21. Rd2 Rb3 22. Kf2 Kf8 23. Nd4 Nxd4 24. exd4 Ke8 25. Ke2 d6 26. Rc2 Kd7 27. Kd2 dxe5 28. dxe5 f6 29. exf6 gxf6 30. Kc1 f5 31. Rc5 R8b5 32. Rxb5 Rxb5 33. Kc2 Rc5+ 34. Kb3 Rc4 35. Rd1 a4+ 36. Ka2 Rc2 37. Rd3 Rxg2 38. Rh3 Rg7 39. b3 Rg2+ 40. Kb1 axb3 41. Rxh7+ Kd6 42. h4 d4 43. Rb7 d3 44. Rxb3 d2 45. Rd3+ Kc5 46. Kc2 f4 47. Rh3 e5 48. h5 e4 49. h6 f3 50. h7 f2 51. Rh1 d1=Q+ 52. Rxd1 f1=Q+ 53. Rd2 Rxd2+ 54. Kxd2 Qh3 0-1

[Event "80. C.to Provinciale VE"]
[Site "Mestre Capablanca  ITA"]
[Date "2020.02.08"]
[Round "3.1"]
[White "Marson, Roy"]
[Black "Buranelli, Matteo"]
[Result "0-1"]
[WhiteElo "1503"]
[BlackElo "1733"]
[Annotator "Gabriele Ballarin"]
[PlyCount "106"]
[EventDate "2020.02.07"]
[EventType "swiss"]
[EventRounds "5"]
[EventCountry "ITA"]

1. e4 c5 2. Nf3 d6 3. d4 cxd4 4. Nxd4 Nf6 5. Nc3 a6 6. Bc4 e6 7. Bb3 Be7 8. O-O O-O 9. Be3 b5 10. a3 Bd7 11. f4 Nc6 12. Qf3 Qc7 13. g4 Nxd4 14. Bxd4 e5 15. fxe5 dxe5 16. g5 exd4 17. gxf6 dxc3 18. fxe7 Qc5+ 19. Rf2 Qxe7 20. Raf1 cxb2 21. Qc3 Be6 22. Rg2 g6 23. e5 Bxb3 24. cxb3 Rae8 25. Qxb2 Qxe5 26. Qxe5 Rxe5 27. Rf6 Re6 28. Rxe6 fxe6 29. Rd2 Rf3 30. Rd6 Rxb3 31. Rxa6 Kf7 32. a4 bxa4 33. Rxa4 Rb7 34. Kf2 Kf6 35. Kf3 Rb5 36. h3 h5 37. h4 Rb3+ 38. Kg2 e5 39. Ra8 Kf5 40. Rf8+ Kg4 41. Re8 Kxh4 42. Rxe5 g5 43. Re4+ g4 44. Re5 Rb2+ 45. Kf1 g3 46. Kg1 Kg4 47. Rd5 h4 48. Rd1 Kh3 49. Rc1 Rb4 50. Rd1 Kg4 51. Rc1 h3 52. Rd1 h2+ 53. Kg2 Rf4 0-1

[Event "80. C.to Provinciale VE"]
[Site "Mestre Capablanca  ITA"]
[Date "2020.02.08"]
[Round "3.2"]
[White "Schiavo, Marco"]
[Black "Rizzo, Nicodemo"]
[Result "1-0"]
[WhiteElo "1805"]
[BlackElo "1512"]
[Annotator "Gabriele Ballarin"]
[PlyCount "55"]
[EventDate "2020.02.07"]
[EventType "swiss"]
[EventRounds "5"]
[EventCountry "ITA"]

1. e4 d5 2. exd5 Qxd5 3. Nc3 Qa5 4. Nf3 Nf6 5. d4 c6 6. Bd3 Bf5 7. O-O Bxd3 8. Qxd3 e6 9. Bd2 Qc7 10. Ne5 Bd6 11. Rfe1 O-O 12. Rad1 Nbd7 13. f4 Rad8 14. Ne4 Nxe4 15. Qxe4 Nf6 16. Qf3 Qb6 17. Bc3 Nd5 18. Nc4 Qc7 19. Nxd6 Qxd6 20. Bd2 Qc7 21. c4 Nf6 22. Bc3 c5 23. b3 Nd7 24. d5 exd5 25. Rxd5 Rfe8 26. Rxe8+ Rxe8 27. Qg4 Re1+ 28. Kf2 1-0

[Event "80. C.to Provinciale VE"]
[Site "Mestre Capablanca  ITA"]
[Date "2020.02.08"]
[Round "3.3"]
[White "Santamaita, Fabrizio"]
[Black "Grillo, Gianluca"]
[Result "1-0"]
[WhiteElo "1664"]
[BlackElo "1339"]
[Annotator "Gabriele Ballarin"]
[PlyCount "81"]
[EventDate "2020.02.07"]
[EventType "swiss"]
[EventRounds "5"]
[EventCountry "ITA"]

1. d4 Nf6 2. Bf4 g6 3. e3 Bg7 4. h3 d6 5. Nf3 Nbd7 6. Bc4 O-O 7. O-O a6 8. Nbd2 b5 9. Bb3 c5 10. c3 Bb7 11. Qe2 cxd4 12. exd4 Nd5 13. Bg3 Qe8 14. Rfe1 N7f6 15. Ne4 Nxe4 16. Qxe4 Qc6 17. Bxd5 Qxd5 18. Qxe7 Rad8 19. Qg5 Qxg5 20. Nxg5 h6 21. Ne4 Bxe4 22. Rxe4 d5 23. Re7 Rfe8 24. Rae1 Kf8 25. Bd6 Rxe7 26. Bxe7+ Ke8 27. Bxd8+ Kxd8 28. f4 Kd7 29. Kf2 a5 30. a3 b4 31. axb4 axb4 32. Ra1 Ke6 33. g4 f5 34. Ra6+ Kf7 35. Rd6 fxg4 36. hxg4 h5 37. gxh5 gxh5 38. Rxd5 bxc3 39. bxc3 Kg6 40. c4 Bh6 41. Kf3 1-0

[Event "80. C.to Provinciale VE"]
[Site "Mestre Capablanca  ITA"]
[Date "2020.02.08"]
[Round "3.4"]
[White "Marson, Eva Jane"]
[Black "Moretto, Gian Franco"]
[Result "1-0"]
[WhiteElo "1308"]
[BlackElo "1313"]
[Annotator "Gabriele Ballarin"]
[PlyCount "59"]
[EventDate "2020.02.07"]
[EventType "swiss"]
[EventRounds "5"]
[EventCountry "ITA"]

1. e4 e5 2. Nf3 Nc6 3. Bb5 a6 4. Ba4 Nf6 5. O-O b5 6. Bb3 d6 7. h3 Be7 8. d3 Na5 9. Be3 Nxb3 10. axb3 c5 11. Nc3 Bb7 12. Qd2 O-O 13. Ne2 Qc7 14. c4 b4 15. Ng3 Rfe8 16. Nf5 Bf8 17. Bg5 Re6 18. N3h4 Kh8 19. Qe3 Ng8 20. Kh1 h6 21. g4 hxg5 22. Qxg5 Nh6 23. Nxh6 Rxh6 24. Nf5 Rxh3+ 25. Kg2 Rh7 26. Rh1 Rxh1 27. Rxh1+ Kg8 28. Qh5 f6 29. Qg6 Qd7 30. Nh6+ 1-0

[Event "80. C.to Provinciale VE"]
[Site "Mestre Capablanca  ITA"]
[Date "2020.02.08"]
[Round "3.5"]
[White "Bozzato, Davide"]
[Black "De Bianchi, Asia"]
[Result "0-1"]
[WhiteElo "1049"]
[BlackElo "1527"]
[Annotator "Gabriele Ballarin"]
[PlyCount "104"]
[EventDate "2020.02.07"]
[EventType "swiss"]
[EventRounds "5"]
[EventCountry "ITA"]

1. e4 c5 2. Nf3 e6 3. d4 cxd4 4. Nxd4 a6 5. Be2 Qc7 6. O-O Nf6 7. Nc3 Bb4 8. Qd3 O-O 9. Re1 b6 10. Bf3 e5 11. Nde2 Bb7 12. a3 Bxc3 13. Qxc3 Qxc3 14. Nxc3 h6 15. h3 Nc6 16. Be3 b5 17. Nd5 Nxd5 18. exd5 Na5 19. b3 Bc8 20. d6 Bb7 21. Bxb7 Nxb7 22. Red1 Rac8 23. Rac1 Rc6 24. c4 bxc4 25. bxc4 Rfc8 26. c5 Nxc5 27. Rd5 Ne6 28. Rxc6 Rxc6 29. g3 f6 30. f4 exf4 31. gxf4 Kf7 32. f5 Ng5 33. Bxg5 hxg5 34. Kf2 g6 35. fxg6+ Kxg6 36. Ke2 f5 37. Kd3 Kf6 38. Kd4 Ke6 39. Re5+ Kf6 40. Kd5 Rb6 41. Re7 Rb7 42. Re8 Rb5+ 43. Kc4 Re5 44. Ra8 a5 45. a4 Ke6 46. Ra6 f4 47. Kd4 f3 48. Ra8 Rf5 49. Re8+ Kxd6 50. Re1 Rf4+ 51. Ke3 f2 52. Rf1 Ke5 0-1

[Event "80. C.to Provinciale VE"]
[Site "Mestre Capablanca  ITA"]
[Date "2020.02.09"]
[Round "4.1"]
[White "Buranelli, Matteo"]
[Black "Santamaita, Fabrizio"]
[Result "0-1"]
[WhiteElo "1733"]
[BlackElo "1664"]
[Annotator "Gabriele Ballarin"]
[PlyCount "98"]
[EventDate "2020.02.07"]
[EventType "swiss"]
[EventRounds "5"]
[EventCountry "ITA"]

1. e4 e5 2. Nc3 Nf6 3. Bc4 Nc6 (3... Nxe4 $1) 4. a3 Bc5 5. d3 h6 6. Nf3 d6 7. Na4 Bb6 8. Nxb6 axb6 9. h3 O-O 10. c3 Be6 11. Bb5 Na7 12. Ba4 b5 13. Bc2 Nc8 14. d4 exd4 15. Nxd4 c6 16. O-O Re8 17. f4 Nb6 18. Nxe6 Rxe6 19. Qf3 Qc7 20. f5 Ree8 21. Bf4 Nc4 22. Qg3 Nh5 23. Qg4 Nxf4 24. Qxf4 Qe7 25. b3 Ne5 26. f6 Qe6 27. fxg7 Kxg7 28. Qf5 Qxf5 29. exf5 Kf6 30. Rf4 Rg8 31. Kh2 Rg5 32. a4 Rag8 33. Rf2 Rg3 34. axb5 Rxc3 35. bxc6 bxc6 36. Rd1 d5 37. Rd4 Rd8 38. Rh4 d4 39. Rxh6+ Kg7 40. Rh5 f6 41. Rh4 d3 42. Bd1 Ra8 43. Ra4 Rxa4 44. bxa4 Ra3 45. Kg3 c5 46. Kf4 c4 47. g4 c3 48. Ke3 c2 49. Kd2 Nc4+ 0-1